Formación de una cultura nacional indoamericana. (Registro nro. 437025)

Detalles MARC
000 -LÍDER
Campo fijo de descripción fija 00704nam a22002297a 4500
003 - IDENTIFICADOR DEL NÚMERO DE CONTROL
Campo de control BCEG
005 - FECHA Y HORA DE LA ULTIMA TRANSACCIÓN
control field 20260116152606.0
008 - ELEMENTOS DE LONGITUD FIJA -- INFORMACIÓN GENERAL
Campo fijo de descripción fija -- Información general 260116r19811975mx|||||| |||| 00| 0 spa d
020 ## - ISBN
Isbn 9682306949
040 ## - FUENTE DE CATALOGACIÓN
Agencia de catalogación original BCEG
Idioma de catalogación spa
Agencia que realiza la transcripción BCEG
082 04 - NÚMERO DE CLASIFICACIÓN DECIMAL DEWEY
Número de clasificación 985.01
Clave de autor-Numero de item A694f
100 1# - ASIENTO PRINCIPAL--NOMBRE PERSONAL
Nombre del autor personal Arguedas, José María,
Fechas asociadas con el nombre 1911-1969.
245 10 - TÍTULO PROPIAMENTE DICHO
Título Formación de una cultura nacional indoamericana.
260 ## - PUBLICACIÓN, DISTRIBUCIÓN, ETC. (PIE DE IMPRENTA)
Lugar de publicación, distribución, etc. México :
Nombre del editor, distribuidor, etc. Siglo XXI,
Fecha de publicación, distribución, etc. 1975 (reimpresión 1981).
300 ## - DESCRIPCIÓN FÍSICA
Extensión xxvii, 197 p.
Otros detalles físicos : fots.
490 ## - MENCIÓN DE SERIE
Mención de serie Arqueología.
541 ## - NOTA DE FUENTE INMEDIATA DE ADQUISICIÓN
Nota de fuente de adquisición Donación.
650 14 - ASIENTO SECUNDARIO DE MATERIA - TERMINO TEMÁTICO
Término temático o nombre geográfico como elemento de entrada Indios de América del Sur
Subdivisión de forma Ensayos, conferencias, etc.
651 #4 - ENCABEZAMIENTO DE MATERIA -- NOMBRE GEOGRÁFICO
Nombre geográfico Perú
Subdivisión general Civilización.
700 1# - ASIENTO SECUNDARIO - NOMBRE PERSONAL
Nombre personal Rama, Ángel,
Fechas asociadas con el nombre 1926-1983,
Función o responsabilidad del autor introd.
942 ## - TIPO DE MATERIAL (KOHA)
Tipo de Item KOHA Libro
Existencias
No para Préstamo Colección Biblioteca de Origen Biblioteca Permanente Fecha de Adquisición Fuente de Adquisicion Total de Préstamos Signatura Topográfica Código de Barras Última vez visto Tipo de Material
Material en Reserva General Biblioteca Central Estatal de Guanajuato, "Wigberto Jiménez Moreno" Biblioteca Central Estatal de Guanajuato, "Wigberto Jiménez Moreno" 16/01/2026 DONAD   985.01 A694f BCEG8655230797 16/01/2026 Libro